| 000 | 00392nam a2200133Ia 4500 | ||
|---|---|---|---|
| 008 | 220217s9999||||xx |||||||||||||| ||und|| | ||
| 020 | _a9789386381750 | ||
| 082 | _a624.15 | ||
| 100 |
_aVishwanath, H.S and Vinod, B.R _910354 |
||
| 245 | 0 | _aBasic geotechnical engineering | |
| 260 |
_aSapna book house _bBangalore _c2018 |
||
| 300 |
_aXII, 382p. _b295 |
||
| 650 | _aGeotechnical Engineering | ||
| 999 |
_c188830 _d188830 |
||